000 00468 a2200169 4500
999 _c6196
_d6196
020 _a978062503418
050 _aTT710 LOU 2014
100 _aLouw, W. A.
_eauthor
245 _aNeedlework and clothing manual :
_bstandards 9 & 10 volume 1 /
_cW. A. Louw
264 _aCapetown :
_bNasou,
_c2014.
300 _a468p. :
_bill.
500 _aVolume 1
650 _aNeedlework.
650 _aDressmaking.
650 _aClothing and dress.
942 _2lcc
_cBK
_h710
_iLOU
_kTT